Reunión anual

Sparad:
Bibliografiska uppgifter
Huvudupphovsmän: Demanet Filippi, Rolando (Författare, medförfattare), Barchiesi Ferrari, Claudia Gabriella (Författare, medförfattare), Dumont L., Juan Carlos (Författare, medförfattare)
Materialtyp: Bok
Språk:spanska
Publicerad: Temuco Sociedad Chilena de Producción Anual 1994
Ämnen:
Taggar: Lägg till en tagg
Inga taggar, Lägg till första taggen!

MARC

LEADER 00000nam a2200000 a 4500
001 UCR2077
003 CL-VaPUC
008 980109e19940000CL |||||||||||||||||spa|d
082 0 4 |a 636.2  |b DEM  |2 21 
100 0 |a Demanet Filippi, Rolando  |e author  |9 399725 
700 0 |a Barchiesi Ferrari, Claudia Gabriella  |e author  |9 399726 
700 0 |a Dumont L., Juan Carlos  |e author  |9 399727 
245 1 0 |a Reunión anual 
300 |a 200 p 
942 |c BK 
945 |d 19980109 00:00:00  |a jquezada 
260 |a Temuco  |b Sociedad Chilena de Producción Anual  |c 1994 
650 7 |a PRODUCCION ANIMAL  |2 CL-VaPUC  |9 399728 
650 7 |a PRADERAS  |2 CL-VaPUC  |9 264231 
650 0 |a Nutrición animal  |9 389503 
650 0 |a Alimentación animal  |9 393779 
650 0 |a Reproducción animal  |9 370556 
650 7 |a GENETICA ANIMAL  |2 CL-VaPUC  |9 261227 
650 7 |a SANIDAD ANIMAL  |2 CL-VaPUC  |9 395537 
650 7 |a BOVINOS  |2 CL-VaPUC  |9 399730 
650 7 |a TERNEROS  |2 CL-VaPUC  |9 396239 
650 7 |a CAPRINOS  |2 CL-VaPUC  |9 399731 
650 7 |a ENSILAJE  |2 CL-VaPUC  |9 264452 
583 |a last modification  |c 20190726 03:32:43  |k Rodrigo Vera 
999 |c 265345  |d 265343